000 00829nas a2200289 4500
001 BR9201252
003 BR-BrBNA
005 20231205092356.0
007 ta
008 230509b bl.|||p| |||| 00| 00por d
040 _aBR-BrBNA
_bpor
_cBiblioteca Nacional de Agricultura
041 _a(Pt)
072 _aL40
100 1 _aBasile, J.R.
100 1 _aWerner, P.R.
100 1 _aDiniz, J.M.F.
245 1 _aGranuloma espermatico em caprino da raca parda alema
650 _aCAPRINO
650 _aHISTOLOGIA ANIMAL
650 _aESPERMATOGENESE
650 _aTESTICULO
650 _aREPRODUCAO ANIMAL
650 _aPRATICO
773 0 _tRevista Brasileira de Reproducao Animal (Brazil)
_xISSN 0102-0803
_g(1989), v. 13(3) p. 127-135
_wBR9201252
909 _a202311
_bLúcia
_c55
_dLúcia Elande
942 _2AGRIS
_n0
_cANA
999 _c131277
_d131277